00219nam a2200085Ia 4500008004100000041000800041100002200049245003100071260003100102241105s9999 xx 000 0 und d aeng aSonawane Sayali S aDestination Wedding Resort bBNCA B-Arch ID, Punec2016